1060 1332 1890 1601 1864 1639 1477 1508 1551 1633 1414 1880 1407 1595 1014 1820 1221 1916 1480 1338 1303 1141 1514 1960 1829 1259 1051 1943 1286 1358 1811 1376 1329 1143 1808 1153 1459 1892 1945 1037 1443 1015 1435 1953 1497 1022 1488 1339 1690 1626 1965 1609 1073 1396 1351 1791 1731 1288 1765 1888 1552 1568 1308 1858 1389 1495 1263 1777 1603 1355 1607 1749 1952 1505 1278 1977 1302 1870 1452 1608 1210 1194 1205 1810 1144 1763 1310 1089 1548 1978 1987 1657 1499 1900 1254 1792 1610 1938 1957 BCNSPRNW ULIB Ver.6.0+V

เปลี่ยนเป็นภาษาไทย

Change to English
 แสดงรายละเอียดบรรณานุกรม
  กลับหน้าหลัก

Brief Record : Get Marc (ISO 2709) : E-mail record : QR code < ปิดหน้าต่าง
LEADER : 00000nam 2200000uu 4500
001    13399122275
003     ULIB
008    130123s2551||||th 000 0 tha d
020    ^a9789740466291
050  4 ^aHQ772^bข312ท
100 0   ^aขัตติยดา ไชยโย
110 1   ^aสำนักพิมพ์สาราเด็ก
245 1   ^aทีวีพี่เลี้ยงคนใหม่ / ^cขัตติยดา ไชยโย บรรณาธิการ
250    ^aพิมพ์ครั้งแรก
260    ^aกรุงเทพฯ : ^bสาราเด็ก, ^c2551
300    ^a108 หน้า : ^bภาพประกอบสี ; ^c19 ซม.
650  7 การดูแล^xเด็ก
945    ^p120^l0^i19790
999    ^aทศพร เกษรทอง
รายการนี้ยังไม่มีแท็ก
คุณยังไม่ได้ล็อกอิน คุณสามารถมีกิจกรรมร่วมกับเว็บไซต์ได้ แต่ต้องล็อกอินก่อน ::
  ล็อกอิน

รายการสื่อสารสนเทศ

ลำดับที่ ประเภท เลขเรียก/บาร์โค้ด สถานที่ สถานะ
1. การศึกษาทั่วไป
การศึกษาทั่วไป
HQ772 ข312ท ฉ.1 
  Barcode: 19790
ห้องสมุดวิทยาเขตสวรรค์ประชารักษ์
►หนังสือทั่วไป
บนชั้น

BibComment


ยังไม่เคยถูกคอมเมนท์

คอมเมนท์ทรัพยากรรายการนี้
  คอมเมนท์: ทีวีพี่เลี้ยงคน..


 Copyright 2026. Bcnsprnw @Library